[Event "Buenos Aires Masters op"]
[Site "Buenos Aires"]
[Date "2023.06.18"]
[Round "5"]
[White "Fiori, Hector Dionisio"]
[Black "Llanos, Guillermo"]
[Result "0-1"]
[WhiteElo "2006"]
[BlackElo "2305"]
[PlyCount "84"]
[EventDate "2023.06.14"]
[EventType "swiss"]
[EventRounds "9"]
[EventCountry "ARG"]
[SourceTitle "CBM 215 Extra"]
[Source "ChessBase"]
[SourceDate "2023.09.30"]
[SourceVersion "1"]
[SourceVersionDate "2023.09.30"]
[SourceQuality "1"]

1. e4 e6 2. d4 d5 3. Nd2 dxe4 4. Nxe4 Bd7 5. Nf3 Bc6 6. Bd3 Nd7 7. Qe2 Ngf6 8. Neg5 Qe7 9. 0-0 h6 10. Nh3 g5 11. Ne5 Nxe5 12. dxe5 Nd7 13. Bd2 Bg7 14. Bc3 Qc5 15. Rfe1 0-0-0 16. Kh1 Qd5 17. f3 Qc5 18. a3 Nb6 19. Bb4 Qd4 20. Bc3 Qh4 21. Qf2 Qxf2 22. Nxf2 Na4 23. Nd1 Nxc3 24. Nxc3 a6 25. Rad1 Rd7 26. Kg1 Rhd8 27. Kf2 Rd4 28. g3 b5 29. b3 Kb7 30. b4 Kb6 31. Ne2 R4d7 32. f4 g4 33. Rb1 f6 34. exf6 Bxf6 35. Ke3 e5 36. Bf5 Re7 37. Kf2 Bf3 38. fxe5 Rxe5 39. Bd3 Rde8 40. h4 Re3 41. Ng1 Rxe1 42. Rxe1 Bd4+ 0-1

[Event "Titled Tuesday intern op 24th Jan Late"]
[Site "Chess.com INT"]
[Date "2023.01.24"]
[Round "6"]
[White "Fiori, Hector Dionisio"]
[Black "Fernandez Siles, Luis"]
[Result "0-1"]
[WhiteElo "1982"]
[BlackElo "2220"]
[PlyCount "110"]
[EventDate "2023.01.24"]
[EventType "swiss (blitz)"]
[EventRounds "11"]
[EventCountry "USA"]
[SourceTitle "EXT 2024"]
[Source "ChessBase"]
[SourceDate "2023.10.10"]
[SourceVersion "1"]
[SourceVersionDate "2023.10.10"]
[SourceQuality "1"]

1. e4 c5 2. d4 cxd4 3. c3 Nf6 4. e5 Nd5 5. cxd4 d6 6. Nf3 Nc6 7. Bc4 Nb6 8. Bb3 dxe5 9. d5 Nd4 10. Nxd4 exd4 11. Qxd4 e6 12. Nc3 Be7 13. Qxg7 Bf6 14. Qg3 exd5 15. 0-0 Be6 16. Re1 h5 17. Qf3 Kf8 18. Be3 Rc8 19. Rad1 Bg4 20. Bxb6 Bxf3 21. Bxd8 Bxc3 22. Be7+ Kg7 23. bxc3 Bxd1 24. Rxd1 Rxc3 25. g3 Re8 26. Ba3 Rcc8 27. Bb2+ f6 28. Kg2 Rcd8 29. h4 d4 30. Rxd4 Rxd4 31. Bxd4 b6 32. Kf3 Rd8 33. Ke3 Re8+ 34. Kd3 Kg6 35. Bd5 Kf5 36. Bf3 Kg6 37. a4 Re1 38. a5 bxa5 39. Bxa7 a4 40. Be4+ f5 41. Bd5 a3 42. Bd4 Rd1+ 43. Kc3 f4 44. gxf4 Kf5 45. Be5 Rxd5 46. Kb3 Ra5 47. Ka2 Ke4 48. Ka1 Kf3 49. Ka2 Kg4 50. Bc7 Ra4 51. Bd8 Kxf4 52. Be7 Ra8 53. Bd6+ Kg4 54. Be7 Kf3 55. Bc5 Ra5 0-1

[Event "Titled Tuesday intern op 24th Jan Late"]
[Site "Chess.com INT"]
[Date "2023.01.24"]
[Round "5"]
[White "Mikaelyan, Arman"]
[Black "Fiori, Hector Dionisio"]
[Result "1-0"]
[WhiteElo "2504"]
[BlackElo "1982"]
[PlyCount "131"]
[EventDate "2023.01.24"]
[EventType "swiss (blitz)"]
[EventRounds "11"]
[EventCountry "USA"]
[SourceTitle "EXT 2024"]
[Source "ChessBase"]
[SourceDate "2023.10.10"]
[SourceVersion "1"]
[SourceVersionDate "2023.10.10"]
[SourceQuality "1"]

1. d4 Nf6 2. c4 e6 3. Nf3 c5 4. e3 cxd4 5. exd4 b6 6. Nc3 Bb7 7. Bd3 d6 8. 0-0 Nbd7 9. Bf4 a6 10. Re1 Be7 11. h3 Rc8 12. Bh2 0-0 13. Rc1 Re8 14. Bf1 Nf8 15. b3 Ng6 16. Re3 d5 17. Ne5 dxc4 18. Bxc4 b5 19. Nxf7 Kxf7 20. Bxe6+ Kf8 21. Bxc8 Bxc8 22. Ne4 Bb7 23. Nc5 Bxc5 24. dxc5 Qxd1+ 25. Rxd1 Rxe3 26. fxe3 Ne7 27. Rd6 Bc6 28. Rd8+ Kf7 29. Bd6 Ke6 30. Bxe7 Kxe7 31. Rd6 Bb7 32. Rb6 Bc8 33. Rc6 Kd7 34. Rd6+ Ke7 35. b4 Ne4 36. Rd4 Nf6 37. g4 h6 38. Kf2 Nd7 39. Kg3 g5 40. Rd6 Nf6 41. Rd4 Ke6 42. Rd8 Ne4+ 43. Kf3 Bb7 44. Ke2 Bd5 45. Rh8 Bc4+ 46. Kd1 Ke5 47. Rxh6 Nc3+ 48. Kc2 Nd5 49. a3 Nxe3+ 50. Kb2 Nd5 51. Rxa6 Be2 52. Rh6 Bf3 53. c6 Nc7 54. Rg6 Ne6 55. Kc3 Bxc6 56. Rg8 Bd5 57. Rb8 Kd6 58. Rxb5 Nf4 59. Kd4 Ke6 60. Rb6+ Kd7 61. Ke5 Be6 62. Rd6+ Ke7 63. Ra6 Kf7 64. Ra7+ Ke8 65. Kf6 Kd8 66. Kxg5 1-0

[Event "Titled Tuesday intern op 24th Jan Late"]
[Site "Chess.com INT"]
[Date "2023.01.24"]
[Round "10"]
[White "Oro, Faustino"]
[Black "Fiori, Hector Dionisio"]
[Result "0-1"]
[WhiteElo "2182"]
[BlackElo "1982"]
[PlyCount "76"]
[EventDate "2023.01.24"]
[EventType "swiss (blitz)"]
[EventRounds "11"]
[EventCountry "USA"]
[SourceTitle "EXT 2024"]
[Source "ChessBase"]
[SourceDate "2023.10.10"]
[SourceVersion "1"]
[SourceVersionDate "2023.10.10"]
[SourceQuality "1"]

1. e4 c5 2. Nf3 e6 3. d4 cxd4 4. Nxd4 Nf6 5. Nc3 Bb4 6. e5 Ne4 7. Qg4 Nxc3 8. Qxg7 Rf8 9. a3 Nb5+ 10. axb4 Nxd4 11. Bh6 Qe7 12. Bd3 f5 13. Qg3 b6 14. 0-0 Bb7 15. c3 Ndc6 16. f4 Nd8 17. Bxf8 Qxf8 18. Rad1 Nbc6 19. Bc4 a5 20. b5 Qc5+ 21. Kh1 Qxc4 22. Qg8+ Ke7 23. Qg7+ Nf7 24. bxc6 Bxc6 25. Qf6+ Ke8 26. Rf2 Qc5 27. Rfd2 Qe7 28. Qg7 h5 29. h3 Qh4 30. Qg8+ Ke7 31. Rxd7+ Bxd7 32. Qxa8 Qxf4 33. Qb7 Nxe5 34. Qxb6 Nd3 35. Kg1 Qe4 36. c4 Qe2 37. Rf1 a4 38. c5 Qe3+ 0-1

[Event "Santa Fe Perez Cup"]
[Site "Santa Fe"]
[Date "2022.02.26"]
[Round "2"]
[White "Acosta, Pablo Ismael"]
[Black "Fiori, Hector Dionisio"]
[Result "1-0"]
[WhiteElo "2457"]
[BlackElo "1992"]
[PlyCount "53"]
[EventDate "2022.02.26"]
[EventType "swiss"]
[EventRounds "9"]
[EventCountry "ARG"]
[SourceTitle "EXT 2023"]
[Source "ChessBase"]
[SourceDate "2022.10.05"]
[SourceVersion "1"]
[SourceVersionDate "2022.10.05"]
[SourceQuality "1"]

1. d4 Nf6 2. c4 e6 3. Nc3 c5 4. d5 exd5 5. cxd5 d6 6. Nf3 g6 7. Bf4 a6 8. a4 Bg7 9. h3 0-0 10. e3 Qe7 11. Be2 Nbd7 12. 0-0 Ne8 13. Nd2 g5 14. Bh2 Ne5 15. f4 gxf4 16. exf4 Nd3 17. Bxd3 Qe3+ 18. Kh1 Qxd3 19. Rf3 Qd4 20. f5 Be5 21. Bxe5 dxe5 22. Nde4 Qxd1+ 23. Rxd1 b6 24. d6 Bb7 25. Rg3+ Kh8 26. d7 Ng7 27. Nd6 1-0

[Event "American World Cup Q Prelim"]
[Site "Tornelo INT"]
[Date "2021.05.09"]
[Round "7"]
[White "Cueto Chajtur, Johny"]
[Black "Fiori, Hector Dionisio"]
[Result "1-0"]
[WhiteElo "2241"]
[BlackElo "2015"]
[PlyCount "89"]
[EventDate "2021.05.08"]
[EventType "swiss (rapid)"]
[EventRounds "9"]
[EventCountry "USA"]
[SourceTitle "CBM 202 Extra"]
[Source "ChessBase"]
[SourceDate "2021.07.31"]
[SourceVersion "1"]
[SourceVersionDate "2021.07.31"]
[SourceQuality "1"]

1. d4 Nf6 2. Bf4 e6 3. e3 d5 4. Nf3 c5 5. Nbd2 Nc6 6. c3 Bd6 7. Ne5 Qc7 8. Ndf3 0-0 9. h3 Ne4 10. Nd3 Bxf4 11. Nxf4 cxd4 12. cxd4 Qa5+ 13. Nd2 e5 14. dxe5 Nxe5 15. a3 Be6 16. b4 Qd8 17. Nxe4 dxe4 18. Qd4 Qf6 19. Nh5 Qg5 20. Nf4 Rfd8 21. Nxe6 fxe6 22. Qxe4 Qf6 23. Rb1 Rf8 24. f4 Qh4+ 25. Ke2 Nc6 26. g4 e5 27. f5 g6 28. Bg2 Rad8 29. Rhf1 gxf5 30. gxf5 Qe7 31. Rbd1 Qf7 32. Rd5 Kh8 33. f6 Rg8 34. Rxd8 Rxd8 35. Rd1 Rxd1 36. Kxd1 Qxf6 37. Qg4 Qd6+ 38. Ke2 Nd8 39. Be4 Qe7 40. Qc8 Kg7 41. b5 Qd6 42. a4 b6 43. Qg4+ Kh8 44. Qh4 Qe7 45. Qxe7 1-0

[Event "American World Cup Q Prelim"]
[Site "Tornelo INT"]
[Date "2021.05.09"]
[Round "8"]
[White "Fiori, Hector Dionisio"]
[Black "Jordao Barbosa, Marcio Ferre"]
[Result "1-0"]
[WhiteElo "2015"]
[BlackElo "2183"]
[PlyCount "87"]
[EventDate "2021.05.08"]
[EventType "swiss (rapid)"]
[EventRounds "9"]
[EventCountry "USA"]
[SourceTitle "CBM 202 Extra"]
[Source "ChessBase"]
[SourceDate "2021.07.31"]
[SourceVersion "1"]
[SourceVersionDate "2021.07.31"]
[SourceQuality "1"]

1. e4 e6 2. d4 d5 3. Nd2 c5 4. exd5 Qxd5 5. Ngf3 cxd4 6. Bc4 Qd6 7. 0-0 Nf6 8. Nb3 Nc6 9. Nbxd4 a6 10. Re1 Qc7 11. Qe2 Nxd4 12. Nxd4 Bc5 13. Nb3 Bd6 14. h3 0-0 15. Bg5 Nd5 16. Bxd5 exd5 17. Nd4 Bd7 18. c3 Rfe8 19. Qf3 h6 20. Bd2 Qc4 21. Bf4 Bf8 22. a3 b5 23. Rad1 a5 24. Qg3 Kh8 25. Bd6 b4 26. Rxe8 Rxe8 27. Bxf8 Rxf8 28. Qd6 Rd8 29. axb4 axb4 30. Qe7 Qc8 31. Qxb4 Be6 32. Re1 Re8 33. Qb5 Qd8 34. b4 Re7 35. Nc6 Qe8 36. Qc5 Rc7 37. b5 Qc8 38. Ra1 Bd7 39. Ra6 Bxc6 40. Rxc6 Rxc6 41. Qxc6 Qf5 42. b6 Qe4 43. Qc7 Qb1+ 44. Kh2 1-0

[Event "American World Cup Q Prelim"]
[Site "Tornelo INT"]
[Date "2021.05.08"]
[Round "1"]
[White "Molina, Roberto Junio Brito"]
[Black "Fiori, Hector Dionisio"]
[Result "1-0"]
[WhiteElo "2434"]
[BlackElo "2015"]
[PlyCount "95"]
[EventDate "2021.05.08"]
[EventType "swiss (rapid)"]
[EventRounds "9"]
[EventCountry "USA"]
[SourceTitle "CBM 202 Extra"]
[Source "ChessBase"]
[SourceDate "2021.07.31"]
[SourceVersion "1"]
[SourceVersionDate "2021.07.31"]
[SourceQuality "1"]

1. d4 Nf6 2. c4 c5 3. d5 b5 4. cxb5 g6 5. Nc3 a6 6. b6 Qxb6 7. e4 d6 8. Nf3 Bg7 9. Be2 0-0 10. 0-0 Nbd7 11. a4 Rb8 12. a5 Qc7 13. Nd2 Rb4 14. Qc2 e6 15. Nc4 exd5 16. exd5 Ng4 17. Na2 Rxc4 18. Bxc4 Qxa5 19. Bf4 Nge5 20. Be2 Bb7 21. Nc3 Qb4 22. Ra4 Qb6 23. Be3 Nb8 24. b4 Ned7 25. bxc5 Nxc5 26. Rb1 Qc7 27. Rc4 Nbd7 28. Rcb4 Re8 29. h3 Bc8 30. Na4 Qa5 31. Nxc5 Nxc5 32. Rb8 Qa3 33. Bxc5 dxc5 34. d6 Bf8 35. Bg4 f5 36. Qc4+ Kg7 37. Rxc8 Rxc8 38. Rb7+ Kh6 39. Qf4+ g5 40. Qxf5 Qa1+ 41. Kh2 Bxd6+ 42. g3 Rc7 43. Qe6+ Kg7 44. Rxc7+ Bxc7 45. Qd7+ Kh6 46. Qc6+ Kg7 47. Qxc7+ Kh6 48. Bf5 1-0

[Event "Titled Tuesday intern op 15st Dec"]
[Site "Chess.com INT"]
[Date "2020.12.15"]
[Round "4"]
[White "Fiori, Hector Dionisio"]
[Black "Mezentsev, Ivan"]
[Result "0-1"]
[WhiteElo "2015"]
[BlackElo "2354"]
[PlyCount "32"]
[EventDate "2020.12.15"]
[EventType "swiss (blitz)"]
[EventRounds "11"]
[EventCountry "USA"]
[SourceTitle "CBM 199 Extra"]
[Source "ChessBase"]
[SourceDate "2021.01.31"]
[SourceVersion "1"]
[SourceVersionDate "2021.01.31"]
[SourceQuality "1"]

1. e4 c5 2. Nf3 e6 3. d4 cxd4 4. Nxd4 a6 5. c4 Nf6 6. Nc3 Qc7 7. Be2 Nc6 8. Be3 Bb4 9. 0-0 Bxc3 10. bxc3 Nxe4 11. Nxc6 Nxc3 12. Qd3 Nxe2+ 13. Qxe2 dxc6 14. Qg4 0-0 15. Bh6 f5 16. Bf4 e5 0-1

[Event "Titled Tuesday intern op 15th Sept"]
[Site "Chess.com INT"]
[Date "2020.09.15"]
[Round "7"]
[White "Carnicelli, Valerio"]
[Black "Fiori, Hector Dionisio"]
[Result "0-1"]
[WhiteElo "2236"]
[BlackElo "2015"]
[PlyCount "114"]
[EventDate "2020.09.15"]
[EventType "swiss (blitz)"]
[EventRounds "10"]
[EventCountry "USA"]
[SourceTitle "CBM 198 Extra"]
[Source "ChessBase"]
[SourceDate "2020.11.30"]
[SourceVersion "1"]
[SourceVersionDate "2020.11.30"]
[SourceQuality "1"]

1. e4 c5 2. Nf3 e6 3. d4 cxd4 4. Nxd4 Nf6 5. Nc3 Bb4 6. e5 Ne4 7. Qg4 Nxc3 8. Qxg7 Rf8 9. a3 Nb5+ 10. axb4 Nxd4 11. Bg5 Qb6 12. Bh6 Qxb4+ 13. c3 Nf5 14. Qxf8+ Qxf8 15. Bxf8 Kxf8 16. g3 Nc6 17. f4 Ne3 18. Be2 Nc2+ 19. Kd2 Nxa1 20. Rxa1 b6 21. Bf3 Bb7 22. b4 a5 23. b5 Nd8 24. Be2 Be4 25. Ke3 Bf5 26. g4 Bc2 27. Kd2 Bb3 28. c4 Rc8 29. Kc3 a4 30. Kb4 Nb7 31. Bd1 Nc5 32. Bxb3 axb3 33. Kc3 d6 34. exd6 Rd8 35. Rd1 Ke8 36. h4 Kd7 37. h5 Rg8 38. g5 h6 39. Rg1 hxg5 40. fxg5 Kxd6 41. h6 Ke7 42. Rh1 Rh8 43. Rh4 e5 44. Rh1 Ke6 45. Rf1 e4 46. Rf6+ Ke5 47. Rxf7 e3 48. Rf1 Ke4 49. Rh1 Kf5 50. Rg1 Kg6 51. Kd4 e2 52. Kd5 Re8 53. Re1 b2 54. Kc6 Na4 55. c5 bxc5 56. b6 Nxb6 57. Kxb6 c4 0-1

[Event "Titled Tuesday intern op 15th Sept"]
[Site "Chess.com INT"]
[Date "2020.09.15"]
[Round "5"]
[White "Fiori, Hector Dionisio"]
[Black "Spata, German"]
[Result "1-0"]
[WhiteElo "2015"]
[BlackElo "2257"]
[PlyCount "37"]
[EventDate "2020.09.15"]
[EventType "swiss (blitz)"]
[EventRounds "10"]
[EventCountry "USA"]
[SourceTitle "CBM 198 Extra"]
[Source "ChessBase"]
[SourceDate "2020.11.30"]
[SourceVersion "1"]
[SourceVersionDate "2020.11.30"]
[SourceQuality "1"]

1. e4 c5 2. Nf3 d6 3. d4 cxd4 4. Qxd4 a6 5. c4 Nf6 6. Nc3 e6 7. Bg5 Be7 8. 0-0-0 0-0 9. e5 dxe5 10. Qh4 Qa5 11. Bd3 Nbd7 12. Kb1 g6 13. Ne4 Qd8 14. Bc2 Kg7 15. Nxe5 Ng8 16. Nxd7 Bxd7 17. Bxe7 Nxe7 18. Qf6+ Kg8 19. Nc5 1-0

[Event "Titled Tuesday intern op 15th Sept"]
[Site "Chess.com INT"]
[Date "2020.09.15"]
[Round "4"]
[White "Zavivaeva, Evelina"]
[Black "Fiori, Hector Dionisio"]
[Result "0-1"]
[WhiteElo "1589"]
[BlackElo "2015"]
[PlyCount "68"]
[EventDate "2020.09.15"]
[EventType "swiss (blitz)"]
[EventRounds "10"]
[EventCountry "USA"]
[SourceTitle "CBM 198 Extra"]
[Source "ChessBase"]
[SourceDate "2020.11.30"]
[SourceVersion "1"]
[SourceVersionDate "2020.11.30"]
[SourceQuality "1"]

1. e4 d5 2. exd5 Nf6 3. Nf3 Bg4 4. d4 c6 5. Be2 cxd5 6. 0-0 Nc6 7. Bf4 e6 8. Nbd2 Bd6 9. Bxd6 Qxd6 10. c4 0-0 11. c5 Qc7 12. a3 Rad8 13. b4 a6 14. h3 Bh5 15. Rc1 Rfe8 16. Qb3 Ne4 17. Qe3 Bg6 18. Bd3 e5 19. Nxe4 exd4 20. Nf6+ gxf6 21. Qd2 Re4 22. Bxe4 dxe4 23. Nh4 Qe5 24. Nxg6 hxg6 25. Rfe1 f5 26. Qe2 d3 27. Qf1 Qd4 28. Red1 Ne5 29. Kh1 f4 30. Rb1 e3 31. Qe1 exf2 32. Qf1 f3 33. Rd2 Kg7 34. Qxf2 fxg2+ 0-1

[Event "Titled Tuesday intern op 18th Aug"]
[Site "Chess.com INT"]
[Date "2020.08.18"]
[Round "7"]
[White "Shuvalova, Polina"]
[Black "Fiori, Hector Dionisio"]
[Result "1-0"]
[WhiteElo "2454"]
[BlackElo "2015"]
[PlyCount "71"]
[EventDate "2020.08.18"]
[EventType "swiss (blitz)"]
[EventRounds "10"]
[EventCountry "USA"]
[SourceTitle "CBM 197 Extra"]
[Source "ChessBase"]
[SourceDate "2020.09.30"]
[SourceVersion "1"]
[SourceVersionDate "2020.09.30"]
[SourceQuality "1"]

1. e4 c5 2. Nf3 e6 3. d4 cxd4 4. Nxd4 Nf6 5. Nc3 Bb4 6. e5 Ne4 7. Qg4 Nxc3 8. a3 Bf8 9. bxc3 Qc7 10. Qg3 a6 11. Bd2 g6 12. Bd3 Bg7 13. f4 Nc6 14. h4 d6 15. Nxc6 Qxc6 16. h5 dxe5 17. h6 Bf6 18. fxe5 Be7 19. 0-0 0-0 20. Bg5 Qc5+ 21. Rf2 Bd7 22. Raf1 Bc6 23. Qh4 Rae8 24. Kh1 Bxg5 25. Qxg5 Qe7 26. Rf6 Kh8 27. R1f4 Rd8 28. Qg3 Rd5 29. Qf2 Rd7 30. Qe3 Qe8 31. Qg3 Qe7 32. Qg5 Rc7 33. Kh2 Bd5 34. c4 Bc6 35. Kh3 Be8 36. Qg3 1-0

[Event "Titled Tuesday intern op 7th July"]
[Site "Chess.com INT"]
[Date "2020.07.07"]
[Round "4"]
[White "Abdumalik, Zhansaya"]
[Black "Fiori, Hector Dionisio"]
[Result "1-0"]
[WhiteElo "2478"]
[BlackElo "2015"]
[PlyCount "141"]
[EventDate "2020.07.07"]
[EventType "swiss (blitz)"]
[EventRounds "10"]
[EventCountry "USA"]
[SourceTitle "CBM 197 Extra"]
[Source "ChessBase"]
[SourceDate "2020.09.30"]
[SourceVersion "1"]
[SourceVersionDate "2020.09.30"]
[SourceQuality "1"]

1. e4 c5 2. Nf3 e6 3. d4 cxd4 4. Nxd4 Nf6 5. Nc3 Bb4 6. Bd3 e5 7. Nde2 d5 8. exd5 Nxd5 9. 0-0 Nxc3 10. Nxc3 Nc6 11. Qh5 g6 12. Qh6 Bf8 13. Qe3 Bg7 14. Qc5 Qe7 15. Qxe7+ Nxe7 16. Bg5 f6 17. Be3 Be6 18. Nb5 Nd5 19. Bxa7 0-0 20. a3 Rfc8 21. Be3 Nxe3 22. fxe3 f5 23. e4 fxe4 24. Bxe4 Bc4 25. Nd6 Bxf1 26. Bd5+ Kf8 27. Rxf1+ Ke7 28. Nxc8+ Rxc8 29. Rf7+ Kd6 30. c4 Rc7 31. Rxc7 Kxc7 32. b4 Bh6 33. Kf2 Bc1 34. a4 Ba3 35. b5 b6 36. Kf3 Kd6 37. Ke4 Bc5 38. g4 Bg1 39. h3 h6 40. Bf7 g5 41. Bd5 Bd4 42. Kf5 Ke7 43. Kg6 Bf2 44. Kxh6 Kf6 45. Kh5 Be1 46. Be4 Bf2 47. Kh6 Be3 48. Kh7 Kf7 49. Bd5+ Kf6 50. Kg8 Bf2 51. Kf8 Bc5+ 52. Ke8 Bd4 53. Kd7 Bc5 54. Kc6 Bd4 55. Kb7 Ke7 56. Ka6 Kd6 57. a5 bxa5 58. Kxa5 Kc7 59. Kb4 Kb6 60. Kb3 Kc5 61. Kc2 Bf2 62. Kd3 Bh4 63. Ke4 Bg3 64. Kf5 Bf4 65. Ke6 Bg3 66. Kd7 Bf4 67. Be4 Kb6 68. Kd6 Ka7 69. c5 Kb8 70. c6 Be3 71. c7+ 1-0

[Event "Titled Tuesday intern op 7th July"]
[Site "Chess.com INT"]
[Date "2020.07.07"]
[Round "2"]
[White "Miranda, Rafael"]
[Black "Fiori, Hector Dionisio"]
[Result "0-1"]
[WhiteElo "2284"]
[BlackElo "2015"]
[PlyCount "68"]
[EventDate "2020.07.07"]
[EventType "swiss (blitz)"]
[EventRounds "10"]
[EventCountry "USA"]
[SourceTitle "CBM 197 Extra"]
[Source "ChessBase"]
[SourceDate "2020.09.30"]
[SourceVersion "1"]
[SourceVersionDate "2020.09.30"]
[SourceQuality "1"]

1. e4 c5 2. Nf3 e6 3. c3 Nf6 4. Bd3 d6 5. 0-0 Be7 6. Re1 0-0 7. Bc2 c4 8. b3 b5 9. d4 cxd3 10. Bxd3 Bb7 11. Nbd2 a6 12. Bb2 d5 13. e5 Nfd7 14. Rc1 Nc6 15. Bb1 g6 16. Nf1 Rc8 17. Ng3 Qc7 18. Qe2 Rfd8 19. h4 Bf8 20. c4 bxc4 21. bxc4 dxc4 22. Rxc4 Nb6 23. Rcc1 Nd5 24. h5 Qb6 25. hxg6 hxg6 26. Ne4 Bg7 27. Nd6 Rxd6 28. exd6 Qxb2 29. d7 Rd8 30. Rc2 Qb6 31. Qe4 Rxd7 32. Qg4 Nd4 33. Nxd4 Qxd4 34. Qg3 Nf4 0-1

[Event "Titled Tuesday intern op 7th July"]
[Site "Chess.com INT"]
[Date "2020.07.07"]
[Round "8"]
[White "Nygren, Kim"]
[Black "Fiori, Hector Dionisio"]
[Result "1-0"]
[WhiteElo "2232"]
[BlackElo "2015"]
[PlyCount "89"]
[EventDate "2020.07.07"]
[EventType "swiss (blitz)"]
[EventRounds "10"]
[EventCountry "USA"]
[SourceTitle "CBM 197 Extra"]
[Source "ChessBase"]
[SourceDate "2020.09.30"]
[SourceVersion "1"]
[SourceVersionDate "2020.09.30"]
[SourceQuality "1"]

1. e4 c5 2. Nf3 e6 3. d4 cxd4 4. Nxd4 Nf6 5. Nc3 Bb4 6. e5 Ne4 7. Qf3 d5 8. Bb5+ Bd7 9. 0-0 Bxc3 10. bxc3 Bxb5 11. Nxb5 a6 12. Nd6+ Nxd6 13. exd6 Qxd6 14. Rb1 b5 15. Bf4 Qe7 16. Rfe1 Nc6 17. c4 bxc4 18. Rb6 Rc8 19. Qg3 0-0 20. Bd6 Qa7 21. Bxf8 Kxf8 22. Qd6+ Ne7 23. Reb1 Qc7 24. Qxc7 Rxc7 25. Rb8+ Nc8 26. R1b7 Rxb7 27. Rxb7 Nd6 28. Rb6 Nb5 29. Rxa6 Nd4 30. Kf1 Nxc2 31. Ra8+ Ke7 32. Ke2 d4 33. Rc8 c3 34. Kd3 Ne1+ 35. Kxd4 c2 36. a4 Kd7 37. Rc3 f6 38. a5 e5+ 39. Ke3 Nxg2+ 40. Kd2 Nf4 41. a6 Nd5 42. a7 Nb6 43. Rb3 Na8 44. Rb8 Nc7 45. Rb7 1-0

[Event "Titled Tuesday intern op 23rd June"]
[Site "Chess.com INT"]
[Date "2020.06.23"]
[Round "6"]
[White "Fiori, Hector Dionisio"]
[Black "Gheorghiu, Calin"]
[Result "0-1"]
[WhiteElo "2015"]
[BlackElo "2283"]
[PlyCount "64"]
[EventDate "2020.06.23"]
[EventType "swiss (blitz)"]
[EventRounds "10"]
[EventCountry "USA"]
[SourceTitle "CBM 197 Extra"]
[Source "ChessBase"]
[SourceDate "2020.09.30"]
[SourceVersion "1"]
[SourceVersionDate "2020.09.30"]
[SourceQuality "1"]

1. e4 c5 2. Nf3 d6 3. d4 cxd4 4. Qxd4 Nc6 5. Bb5 Bd7 6. Bxc6 Bxc6 7. Nc3 e6 8. Bg5 Nf6 9. 0-0-0 Be7 10. Rhe1 0-0 11. Kb1 Rc8 12. Qd2 b5 13. Nd4 b4 14. Nxc6 Rxc6 15. Bxf6 Bxf6 16. Na4 Qa5 17. b3 Qe5 18. c3 bxc3 19. Qc2 Rb8 20. g3 Ra6 21. f4 Qa5 22. Ka1 g6 23. h4 Qb5 24. e5 dxe5 25. fxe5 Bxe5 26. Re4 Bg7 27. Rc4 Qf5 28. Qxf5 c2+ 29. Rdd4 exf5 30. Nb2 Bxd4 31. Rxc2 Rxb3 32. Kb1 Rxg3 0-1

[Event "Titled Tuesday intern op 23rd June"]
[Site "Chess.com INT"]
[Date "2020.06.23"]
[Round "7"]
[White "Sipila, Vilka"]
[Black "Fiori, Hector Dionisio"]
[Result "1-0"]
[WhiteElo "2402"]
[BlackElo "2015"]
[PlyCount "87"]
[EventDate "2020.06.23"]
[EventType "swiss (blitz)"]
[EventRounds "10"]
[EventCountry "USA"]
[SourceTitle "CBM 197 Extra"]
[Source "ChessBase"]
[SourceDate "2020.09.30"]
[SourceVersion "1"]
[SourceVersionDate "2020.09.30"]
[SourceQuality "1"]

1. e4 c5 2. d4 e6 3. d5 exd5 4. exd5 d6 5. Nf3 Be7 6. Nc3 Bf6 7. Bd3 Ne7 8. 0-0 0-0 9. Ng5 h6 10. Nh7 Bxc3 11. Nxf8 Be5 12. Nh7 Bf5 13. Bxf5 Nxf5 14. f4 Bd4+ 15. Kh1 Qh4 16. Qd3 Kxh7 17. Qxf5+ Kg8 18. Qc8+ Kh7 19. Qxb7 Nd7 20. Qxa8 Nf6 21. Qd8 Qh5 22. Bd2 Qe2 23. Bc3 Qxc2 24. Bxd4 cxd4 25. Qxd6 Ng4 26. Qa3 d3 27. Qc3 Qe2 28. Rae1 Qc2 29. Qxc2 dxc2 30. Rc1 Ne3 31. Rf3 Nxd5 32. Rxc2 Nf6 33. a3 g6 34. h3 h5 35. Rc7 h4 36. Rxa7 Kh6 37. Rxf7 Ne4 38. b4 Ng3+ 39. Rxg3 hxg3 40. b5 g5 41. fxg5+ Kg6 42. Rf3 Kxg5 43. b6 Kh5 44. b7 1-0

[Event "Titled Tuesday intern op 23rd June"]
[Site "Chess.com INT"]
[Date "2020.06.23"]
[Round "5"]
[White "Tsukerman, Julia"]
[Black "Fiori, Hector Dionisio"]
[Result "0-1"]
[WhiteElo "1523"]
[BlackElo "2015"]
[PlyCount "60"]
[EventDate "2020.06.23"]
[EventType "swiss (blitz)"]
[EventRounds "10"]
[EventCountry "USA"]
[SourceTitle "CBM 197 Extra"]
[Source "ChessBase"]
[SourceDate "2020.09.30"]
[SourceVersion "1"]
[SourceVersionDate "2020.09.30"]
[SourceQuality "1"]

1. e4 c5 2. Nf3 e6 3. d4 cxd4 4. Nxd4 Nf6 5. Nc3 Bb4 6. Bd3 e5 7. Nf3 Nc6 8. Bd2 0-0 9. 0-0 d6 10. a3 Ba5 11. Nd5 Bxd2 12. Qxd2 Nxd5 13. exd5 Ne7 14. c4 f5 15. Bc2 Ng6 16. b4 e4 17. Nd4 Ne5 18. c5 Qf6 19. cxd6 Qxd6 20. Nb5 Qg6 21. Kh1 Bd7 22. Nc7 Rad8 23. d6 Bc6 24. Bb3+ Kh8 25. Ne6 e3 26. Nf4 exd2 27. Nxg6+ Nxg6 28. Rfd1 Rxd6 29. Ra2 Rfd8 30. Kg1 Nf4 0-1

[Event "Titled Tuesday intern op 6th June"]
[Site "Chess.com INT"]
[Date "2020.06.02"]
[Round "7"]
[White "Ambartsumova, Karina"]
[Black "Fiori, Hector Dionisio"]
[Result "1/2-1/2"]
[WhiteElo "2371"]
[BlackElo "2015"]
[PlyCount "83"]
[EventDate "2020.06.02"]
[EventType "swiss (blitz)"]
[EventRounds "10"]
[EventCountry "USA"]
[SourceTitle "CBM 196 Extra"]
[Source "ChessBase"]
[SourceDate "2020.07.31"]
[SourceVersion "1"]
[SourceVersionDate "2020.07.31"]
[SourceQuality "1"]

1. Nf3 c6 2. c4 Nf6 3. g3 d5 4. d4 Bf5 5. cxd5 cxd5 6. Nc3 e6 7. Qb3 Qb6 8. Qxb6 axb6 9. Bd2 Nc6 10. Nb5 Rc8 11. Rc1 Kd7 12. h3 h6 13. e3 Bd6 14. Be2 Ne4 15. g4 Bh7 16. 0-0 f6 17. a3 g5 18. b4 Ne7 19. Nxd6 Nxd6 20. a4 Ra8 21. a5 Rhc8 22. Rxc8 Rxc8 23. Rc1 Rxc1+ 24. Bxc1 b5 25. Bd2 Nc6 26. Kf1 Nc4 27. Be1 Bc2 28. h4 Be4 29. hxg5 hxg5 30. Nd2 Bc2 31. Nf3 Be4 32. Ng1 Kd6 33. Nf3 Bxf3 34. Bxf3 e5 35. Bc3 e4 36. Be2 Nb8 37. Kg2 Na6 38. Kg3 Kc6 39. Bf1 Kd6 40. Be2 Nb8 41. Bf1 Na6 42. Be2 1/2-1/2